Ο Βάγκνερ και η εποχή μας Τόμας Μαν ; μετάφραση: Γιάννης Λάμψας.

Αποθηκεύτηκε σε:
Λεπτομέρειες βιβλιογραφικής εγγραφής
Κύριος συγγραφέας: Mann, Thomas, 1875-1955
Μορφή: Βιβλίο
Γλώσσα:Greek
German
Δημοσίευση: Αθήνα : Printa, c1993.
Θέματα:
Ετικέτες: Προσθήκη ετικέτας
Δεν υπάρχουν, Καταχωρήστε ετικέτα πρώτοι!

MARC

LEADER 00000cam a2200000 a 4500
001 1/123571
008 210921s1993####gr | ||| |||| ||gre||
020 |a 9608536855 
040 |a GR-MyUa  |b gre  |c GR-MyUa  |e AACR2 
041 1 |a gre  |h ger 
082 7 |a 782.1   |2 (23) 
100 1 |a Mann, Thomas,   |d 1875-1955. 
245 1 2 |a Ο Βάγκνερ και η εποχή μας /   |b Τόμας Μαν ; μετάφραση: Γιάννης Λάμψας. 
260 |a Αθήνα :   |b Printa,   |c c1993. 
300 |a 199 σ. ;   |c 20 εκ. 
500 |a Τίτλος πρωτοτύπου: Wagner und unsere Zeit. 
600 1 0 |a Wagner, Richard,   |d 1813-1883. 
600 1 0 |a Mann, Thomas,   |d 1875-1955  |x Knowledge  |x Music. 
650 0 |a Music and literature 
970 |a Κοντού  |b Παρασκευή  |z 21/09/2021